Best aid to Ophthalmology
Saved in:
| Main Author: | |
|---|---|
| Format: | Book |
| Language: | English |
| Published: |
Highlights Medical Publishers
2013
|
| Tags: |
Add Tag
No Tags, Be the first to tag this record!
|
MARC
| LEADER | 00000nam a22000007a 4500 | ||
|---|---|---|---|
| 008 | 210122b ||||| |||| 00| 0 eng d | ||
| 020 | |a 978-93-5025-760-9 | ||
| 100 | |a PRAMOD, T. K. | ||
| 245 | |a Best aid to Ophthalmology |c T. K. Pramod |g xii; 489p.; ill. | ||
| 260 | |b Highlights Medical Publishers |c 2013 |h New Delhi |i 693264 |i 693265 |l RE46 .P88 |m Eye – Diseases | ||
| 942 | |a lcc |c BK |e YUNUSA, A.A. |f 22/01/2021 | ||
| 952 | |0 0 |1 0 |2 lcc |4 0 |6 RE0046 P88 |7 0 |9 1518 |a HOL |b ML |c QZ |d 2021-01-22 |l 0 |o RE46 .P88 |p 2021-0313 |r 2021-01-22 00:00:00 |w 2021-01-22 |y BK | ||
| 952 | |0 0 |1 0 |2 lcc |4 0 |6 RE0046 P88 |7 0 |9 1519 |a HOL |b HOL |c QZ |d 2021-01-22 |l 0 |o RE46 .P88 |p 2021-0314 |r 2021-01-22 00:00:00 |w 2021-01-22 |y BK | ||
| 999 | |c 798 |d 798 | ||